Представление документа в формате MARC21

ПолеНазваниеЗначение
  Тип записи a
  Библиографический уровень m
001 Контрольный номер RU/URAIT/589438
005 Дата корректировки 20260429163644.6
008 Кодируемые данные 260429s2026 RU y f j 000 0 rus u
020 Индекс ISBN __
a ISBN 978-5-534-17627-8
c Цена, тираж 1049.00
040 Источник каталогиз. __
a Служба первич. каталог. ИКО Юрайт
c Служба, преобразующая запись ИКО Юрайт
e Правила каталог. RCR
041 Код языка издания __
a Код языка текста rus
044 Код страны публикации __
a Код страны публикации RU
080 Индекс УДК __
a Индекс УДК 332.1(075.8)
084 Индекс другой классификации/Индекс ББК __
2 Источник индекса rubbk
a Индекс другой классификации/Индекс ББК 65.04я73
100 Автор __
a Автор Лимонов Л. Э.
q Полное имя Лимонов Леонид Эдуардович
245 Заглавие __
a Заглавие Инвестиционная региональная политика
b Продолж. заглавия учебник для вузов
c Ответственность под общей редакцией Л. Э. Лимонова.
250 Сведения об издании __
a Основные сведения об издании 3-е изд.
256 Характеристики компьютерного файла __
a Характеристики компьютерного файла Электрон. дан.
260 Выходные данные __
a Место издания Москва
b Издательство Юрайт
c Дата издания 2026
300 Физическое описание __
a Объем 177 с
440 Серия __
a Серия Высшее образование
500 Примечания __
a Примечание URL: https://urait.ru/bcode/589438 (дата обращения: 29.04.2026).
520 Аннотация __
a Аннотация Курс "Инвестиционная региональная политика" является частью базового курса "Региональная экономика и пространственное развитие", в которую включены следующие разделы: анализ социальных и экономических различий российских регионов, различные методики классификации российских регионов и полученные с их помощью типологии, в т.ч. типология инвестиционной привлекательности регионов России, теоретические основы разработки и реализации региональной экономической политики, а также ее эволюция (на основе анализа опыта ряда зарубежных стран). В курсе представлены иллюстративный материал, статистические данные и примеры. Изучение теоретических положений и моделей дополняется эмпирическими исследованиями и примерами, а также основанным на знании теории анализом региональной политики, ее целей и инструментов. Соответствует актуальным требованиям федерального государственного образовательного стандарта высшего образования. Для студентов магистратуры, обучающихся по специальностям «Региональная экономика», «Пространственная экономика», «Государственное и муниципальное управление», «Региональная экономическая политика и управление», «Управление городским развитием» и др. Может быть также полезен для аспирантов, преподавателей и научных работников.
538 Прим. о системных особенностях __
a Прим. о системных особенностях Режим доступа: Электронно-библиотечная система Юрайт, для авториз. пользователей
653 Ключевые слова __
a Ключевые слова Макроэкономика
653 Ключевые слова __
a Ключевые слова Экономические науки
653 Ключевые слова __
a Ключевые слова Инвестиционная региональная политика
653 Ключевые слова __
a Ключевые слова Региональная инвестиционная политика
653 Ключевые слова __
a Ключевые слова Инвестиционная политика
653 Ключевые слова __
a Ключевые слова Инвестиционная политика территорий
653 Ключевые слова __
a Ключевые слова Инвестиционный потенциал и Инвестиционная политика субъектов Российской Федерации
653 Ключевые слова __
a Ключевые слова Инвестиционная политика региона
653 Ключевые слова __
a Ключевые слова Инвестиционная политика субъекта Российской Федерации
653 Ключевые слова __
a Ключевые слова Инвестиционная политика в регионе
700 Другие авторы __
a Другие авторы Жихаревич Б. С.
q Полное имя Жихаревич Борис Савельевич
700 Другие авторы __
a Другие авторы Русецкая О. В.
q Полное имя Русецкая Ольга Васильевна
700 Другие авторы __
a Другие авторы Жунда Н. Б.
q Полное имя Жунда Николай Борисович
856 Электронный адрес документа 40
n Местонахождение сервера Юрайт
g Электронная книга
q Тип электронного формата html
h Имя пользователя ЮРАЙТ
v Часы доступа к ресурсу 20271231
2 Способ доступа Показать документ
x Служебное примечание https://urait.ru/book/cover/8BCA0971-89B3-4F85-B127-423E4BB2406E
u URL https://urait.ru/bcode/589438
856 Электронный адрес документа 48
q Тип электронного формата cover
u URL https://urait.ru/book/cover/8BCA0971-89B3-4F85-B127-423E4BB2406E
911 __
u 0030=https://urait.ru/bcode/589438
911 __
u 073a=9785534176278
u 073d=1049.00
911 __
u 106a=s
911 __
u 900l=
952 Тип литературы __
i Дисциплина Инвестиционная региональная политика
952 Тип литературы __
i Дисциплина Региональная инвестиционная политика
952 Тип литературы __
i Дисциплина Инвестиционная политика
952 Тип литературы __
i Дисциплина Инвестиционная политика территорий
952 Тип литературы __
i Дисциплина Инвестиционный потенциал и Инвестиционная политика субъектов Российской Федерации
952 Тип литературы __
i Дисциплина Инвестиционная политика региона
952 Тип литературы __
i Дисциплина Инвестиционная политика субъекта Российской Федерации
952 Тип литературы __
i Дисциплина Инвестиционная политика в регионе